| 000 | 02084nam0a2200385 4500 | ||
|---|---|---|---|
| 001 | RU\NLR\BIBL_A\022197003 | ||
| 005 | 20240531104348.0 | ||
| 010 |
_a978-5-16-019518-6 _9500 |
||
| 021 |
_aRU _bКН-П-24-012696 _9КН-П-24-1322 |
||
| 035 | _a(NLR Aleph) 022197003 | ||
| 090 |
_a13031634 _c13031634 |
||
| 100 | _a20240415d2024 u y0rusy50 ca | ||
| 101 | 0 | _arus | |
| 102 | _aRU | ||
| 105 | _aa j 000yy | ||
| 181 | 0 |
_ai _baxxe |
|
| 182 | 0 | _an | |
| 200 | 1 |
_aГосударственное и муниципальное управление _eучебник _eдля студентов высших учебных заведений, обучающихся по направлениям подготовки 38.03.04 "Государственное и муниципальное управление", 41.03.04 "Политология", 38.03.02 "Менеджмент" (квалификация (степень) "бакалавр") _fР. Т. Мухаев |
|
| 203 |
_aТекст _bвизуальный _cнепосредственный |
||
| 205 | _a2-е изд., перераб. и доп. | ||
| 210 |
_aМосква _cИНФРА-М _d2024 |
||
| 215 |
_a475, [1] с. _cил., табл. _d22 |
||
| 225 | 1 | _aВысшее образование | |
| 300 | _aНа 4-й с. пер. авт.: Мухаев Р. Т., д-р полит. наук, проф. | ||
| 320 | _aБиблиогр.: с. 468-470 (33 назв.) и в подстроч. примеч. | ||
| 606 | 1 |
_aГосударственное управление _jУчебники для высших учебных заведений _2nlr_sh1 _2nlr_sh2 _3RU\NLR\AUTH\66314324 |
|
| 606 | 1 |
_aМуниципальное управление _jУчебники для высших учебных заведений _2nlr_sh1 _2nlr_sh2 _3RU\NLR\AUTH\661258426 |
|
| 686 | 1 | _aХ621я73 | |
| 686 | 1 | _aХ631я73 | |
| 686 | 1 | _aХ81я73 | |
| 700 | 1 |
_aМухаев _bР. Т. _gРашид Тазитдинович _3RU\NLR\AUTH\773706 |
|
| 942 | _cBOOK | ||
| 980 | _aNB | ||